• 首页
  • 本馆介绍
  • 公告通知
  • 最新文献
  • 馆藏检索
  • 电子资源
  • 读者导购
  • 参考咨询
  • 我的图书馆
  • 登录
  • 详细信息显示
  • 放入我的书架
  • 预约/预借图书
  • 作者相关作品
  • 分类相关作品
  • 丛书相关作品
  • 出版社相关作品

书目信息

  • 表格格式
  • 工作单格式
  • 卡片格式
题名:
少年晶体管收音机
    
 
作者: ;《少年晶体管收音机》编写组 编
分册:  
出版信息: 上海   少年儿童出版社  1978
页数: 276页
开本: 19cm
丛书名: 少年科技活动丛书
单 册:
中图分类: TN854
科图分类:
主题词: 半导体收音机--少年读物
电子资源:
ISBN:
000 00790nam2 2200241 45
001 0178002025
005 20060925110652.42
010    @dCNY0.62
091    @aR13024.25
100    @a19950728d1978 em y0chiy0121 ea
101 0  @achi
102    @aCN@b310000
105    @ay z 000yy
200 10 @a少年晶体管收音机@Ashao nian jing ti guan shou yin ji@f《少年晶体管收音机》编写组编@F《shao nian jing ti guan shou yin ji》bian xie zu bian
210    @a上海@c少年儿童出版社@d1978
215    @a276页@d19cm
225 2  @a少年科技活动丛书
410  0 @120010@a少年科技活动丛书
606    @a半导体收音机@x少年读物
690    @aTN854@v3 
711  0 @a《少年晶体管收音机》编写组@A《shao nian jing ti guan shou yin ji》bian xie zu@4编
801  0 @aCN@bTSSF@c20060925
905    @a10447@dTN854@e14
    
    少年晶体管收音机/《少年晶体管收音机》编写组编.-上海:少年儿童出版社,1978
    276页;19cm.-(少年科技活动丛书)
    
    
    ISBN :CNY0.62
    
●
相关链接 在E读中查询图书 在五车中查询图书 在当当中查询图书 在豆瓣中查询图书


正题名:少年晶体管收音机     索取号:TN854/14         预约/预借

序号 登录号 条形码 馆藏地/架位号 状态 备注
1 0038085   202210561   密集书库/ [索取号:TN854/14] 在馆    
2 0038087   202192947   密集书库/ [索取号:TN854/14] 在馆    
3 0038088   202177544   密集书库/ [索取号:TN854/14] 在馆    
4 0038089   001322358   第二样本阅览室/ [索取号:TN854/14] 在馆    
5 0422662   204226621   密集书库/ [索取号:TN854/14] 在馆    
6 0438729   204387298   密集书库/ [索取号:TN854/14] 在馆    
唐山师范学院图书馆 欢迎您!
大连网信软件有限公司© 版权所有